000 00965nam0a2200289 4500
001 RU\NLR\bibl\918647
005 20260406123528.0
010 _a5-699-15505-8
010 _a5-699-14455-2
_912000
021 _aRU
_b2006-6099
_9291
035 _a(NLR Aleph) 000906937
090 _a21704
_c21704
100 _a20060320d2005 |||y0rusy50 ca
101 1 _arus
_ceng
102 _aRU
105 _ay |||||||||
200 1 _aЗловещая тайна
_eроман
_fБарбара Картленд
_g[пер. с англ. И. Гюббенет, Т. Черезовой]
210 _aМосква
_cЭксмо
_d2005
215 _a350,[1] с.
_d20
225 1 _aСобрание романов
686 _aШ6(4Вл)67-440.4{Лх1299-60}
700 1 _4070
_8rus
_7ca
_aКартланд
_bБ.
_f1901-2000
_gБарбара
_3RU\NLR\auth\77841
_9110879
801 0 _aRU
_bNLR
_c20060320
_grcr
801 1 _aRU
_bNLR
_c20060320
942 _cBOOK
980 _aNB